| Tag |
First Indicator |
Second Indicator |
Subfields |
| LEADER |
00000pam a2200000 a 4500 |
| 001 |
in00000537613 |
| 005 |
20151013171518.0 |
| 008 |
830812s1984 nyu d 00010 eng |
| 010 |
|
|
|a 83016690
|
| 020 |
|
|
|a 0471898651 :
|c $60.00 (est.)
|
| 035 |
|
|
|a (OCoLC)09853574
|
| 035 |
|
|
|9 ACH2130AM
|
| 039 |
0 |
|
|a 2
|b 3
|c 3
|d 3
|e 3
|
| 040 |
|
|
|a DLC
|c DLC
|d TXA
|d UtOrBLW
|
| 043 |
|
|
|a n-us---
|
| 049 |
|
|
|a TXAM
|c [777780]
|
| 050 |
0 |
0 |
|a KF6287
|b .W47 1984
|
| 082 |
0 |
|
|a 343.7304/03/21
|a 347.30340321
|2 19
|
| 100 |
1 |
|
|a Westin, Richard A.,
|d 1945-
|
| 245 |
1 |
0 |
|a Lexicon of tax terminology /
|c Richard A. Westin.
|
| 264 |
|
1 |
|a New York :
|b Wiley,
|c [1984]
|
| 264 |
|
4 |
|c ©1984
|
| 300 |
|
|
|a ix, 845 pages ;
|c 27 cm.
|
| 336 |
|
|
|a text
|b txt
|2 rdacontent
|
| 337 |
|
|
|a unmediated
|b n
|2 rdamedia
|
| 338 |
|
|
|a volume
|b nc
|2 rdacarrier
|
| 500 |
|
|
|a "Wiley law publications."
|
| 650 |
|
0 |
|a Taxation
|x Law and legislation
|z United States
|x Dictionaries.
|
| 999 |
|
|
|a MARS
|
| 999 |
f |
f |
|s 3a143058-6ae3-3ab4-b519-c9817330f13d
|i 98164dbe-1c29-3f08-a817-996cab8c3f37
|t 0
|
| 952 |
f |
f |
|p ric
|a Texas A&M University
|b Rellis Campus
|c Joint Library Facility
|d Remote Storage
|t 0
|e KF6287 .W47 1984
|h Library of Congress classification
|i unmediated -- volume
|m A14808201893
|
| 998 |
f |
f |
|a KF6287 .W47 1984
|t 0
|l Remote Storage
|